Technokov Časopis zamestnancov národného podniku „Technokov“

Bibliographic Details
Corporate Authors: Technokov, n.p. (Bratislava) (Publisher), Západoslovenské tlačiarne, n.p. (Bratislava) (tlač.)
Other Authors: Minárik, Cyril (Publishing director), Široký, Ján (Publishing director)
Format: Journal
Language:Slovak
PhysicalDescription:2 roč. 30 x 22 cm
Published: Bratislava ZS ROH Technokov 1950-1951
Subjects:

MARC

LEADER 00000nas a22000001a 4500
001 vtls010302388
003 SK-MaSNL
005 20260228161830.0
008 110810d19501951xo mr p r 0 b0slo
015 |a SNBDS17XX9999 
015 |a 1663  |2 Balúnová 1945-60 
038 |a SNKBUDS 
040 |a SNK  |b slo  |c SNK  |e AACR2 
041 0 |a slo 
044 |a xo  |c SK 
080 |a 621.7  |2 2001 
080 |a 070.489  |2 2001 
245 0 0 |a Technokov  |b Časopis zamestnancov národného podniku „Technokov“ 
260 |a Bratislava  |b ZS ROH Technokov  |c 1950-1951 
300 |a 2 roč.  |c 30 x 22 cm 
310 |a 1x mesačne 
362 0 |a Roč. I, č. 1 (jan. 1950)-roč. II, č. 10 (1951) 
500 |a Vych. v Bratislave mesačne 
500 |a Zodp. zást. Cyril Minárik, od 8/I (15. aug. 1950) Ján Široký 
500 |a Vyd. ZS ROH Technokov v Bratislave 
500 |a Tlač. Západoslov. tlačiarne 23-04-1 v Bratislave 
500 |a Vych. od jan. 1950. Prestal vych., posl. č. 10/II (1951). Pov. PIO č. 300023/49-III/2 
505 8 0 |g Roč. I. 1950 12 č. po 12-16 s. 
505 8 0 |g Roč. II. 1951 10 č. po 12 s. 
610 2 7 |a Technokov, n.p. (Bratislava)  |x časopisy  |2 SNKBUDS  |9 269677 
650 0 7 |a obrábanie kovov  |2 SNKBUDS  |9 69054 
655 7 |a podnikové časopisy  |2 SNKBUDS  |9 265225 
700 1 |a Minárik, Cyril  |4 pbd  |9 269678 
700 1 |a Široký, Ján  |4 pbd  |9 269679 
710 2 |a Technokov, n.p. (Bratislava)  |e vydav.  |9 269680 
710 2 |a Západoslovenské tlačiarne, n.p. (Bratislava)  |e tlač.  |9 269029 
852 |a SNK  |b 10000  |h ČSB 576 
852 |a UKB  |b 300000  |h 20 B 2845 
852 |a SVKKK  |b 900000  |h C 78 
999 |c 6103  |d 8033